French goverment and politics : (Record no. 435)

MARC details
000 -LEADER
fixed length control field 00540cam a2200193ua 4500
001 - CONTROL NUMBER
control field 495
005 - DATE AND TIME OF LATEST TRANSACTION
control field 20260515113155.0
008 - FIXED-LENGTH DATA ELEMENTS--GENERAL INFORMATION
fixed length control field 110407n ii |||gr||||Z||||||eng
040 ## - CATALOGING SOURCE
Transcribing agency MAIN
082 ## - DEWEY DECIMAL CLASSIFICATION NUMBER
Classification number 320.944
245 1# - TITLE STATEMENT
Title French goverment and politics :
Remainder of title (1789-1961)(Third, fourth & fifth republics) /
Statement of responsibility, etc. by Jyoti prasad Suda
250 ## - EDITION STATEMENT
Edition statement 1st.
260 ## - PUBLICATION, DISTRIBUTION, ETC.
Place of publication, distribution, etc. Meerut:
Name of publisher, distributor, etc. Jai prakash nath 7 co. ,962.
300 ## - PHYSICAL DESCRIPTION
Extent 244p:
Dimensions 20cm.
653 ## - INDEX TERM--UNCONTROLLED
Uncontrolled term Political science
653 ## - INDEX TERM--UNCONTROLLED
Uncontrolled term french
700 ## - ADDED ENTRY--PERSONAL NAME
Personal name Suda, Jyoti Prasad.,
Relator term Author.
942 ## - ADDED ENTRY ELEMENTS (KOHA)
Koha item type Books
Holdings
Withdrawn status Lost status Damaged status Not for loan Home library Current library Shelving location Date acquired Total checkouts Full call number Barcode Date last seen Copy number Price effective from Koha item type
        Naharkatiya College Library Naharkatiya College Library General stacks 09/19/2020   320.944 | SUD 72 09/19/2020 1 09/19/2020 Books